[Event "N4 Blagny / Reims 2007"]
[Site "?"]
[Date "????.??.??"]
[Round "6"]
[White "DJELLOULI, Hassine"]
[Black "FOURCART, Maxence"]
[Result "0-1"]
[WhiteElo "1950"]
[BlackElo "2014"]
[PlyCount "38"]
[EventDate "2007.03.18"]
[SourceDate "2007.03.18"]

1. d4 Nf6 2. Nf3 e6 3. c4 Bb4+ 4. Nbd2 d5 5. e3 a5 6. c5 b6 7. a3 Bxd2+ 8. Qxd2
bxc5 9. dxc5 Ne4 10. Qd4 O-O 11. Bb5 Ba6 12. Bxa6 Rxa6 13. b4 axb4 14. Bb2 f6
15. axb4 Nc6 16. Rxa6 Nxd4 17. Nxd4 Qb8 18. Ba3 e5 19. Nc2 Qb5 0-1

[Event "N4 Blagny / Reims 2007"]
[Site "?"]
[Date "????.??.??"]
[Round "6"]
[White "ROMAIN, Emeline"]
[Black "PIERQUIN, Bernard"]
[Result "1/2-1/2"]
[WhiteElo "1960"]
[BlackElo "1970"]
[PlyCount "58"]
[EventDate "2007.03.18"]
[SourceDate "2007.03.18"]

1. d4 f5 2. Nf3 Nf6 3. e3 g6 4. Bd3 Bg7 5. Nbd2 O-O 6. c3 d6 7. Qc2 Nc6 8. e4
fxe4 9. Nxe4 Kh8 10. Bg5 Nxe4 11. Bxe4 Bf5 12. h4 Qd7 13. h5 Bxe4 14. Qxe4 Qf5
15. Qxf5 gxf5 16. O-O-O e5 17. dxe5 Nxe5 18. h6 Bf6 19. Bxf6+ Rxf6 20. Nxe5
dxe5 21. Rd7 Rc8 22. Rh5 b6 23. Rd5 Re8 24. f4 exf4 25. Rdxf5 Ref8 26. Re5 c5
27. Kd2 Rc8 28. Rh2 Rcc6 29. Re2 a5 1/2-1/2

[Event "N4 Blagny / Reims 2007"]
[Site "?"]
[Date "????.??.??"]
[Round "6"]
[White "SAVARD, Romain"]
[Black "POISSEROUX, Benoit"]
[Result "0-1"]
[WhiteElo "1630"]
[BlackElo "1883"]
[PlyCount "54"]
[EventDate "2007.03.18"]
[SourceDate "2007.03.18"]

1. d4 Nf6 2. c4 e6 3. Nf3 Bb4+ 4. Bd2 a5 5. a3 Bxd2+ 6. Nbxd2 d5 7. e3 O-O 8.
Bd3 Nbd7 9. O-O c5 10. Re1 cxd4 11. Nxd4 Ne5 12. Bf1 Bd7 13. Qb3 a4 14. Qc3 Qe7
15. Rac1 dxc4 16. Nxc4 Rac8 17. Qd2 Ne4 18. Qd1 Nxc4 19. Bxc4 Qf6 20. Re2 e5
21. Nf3 Bg4 22. Rec2 Rcd8 23. Qe2 Ng5 24. Bb5 e4 25. Qc4 exf3 26. gxf3 Bh3 27.
Kh1 Qxf3+ 0-1

[Event "N4 Blagny / Reims 2007"]
[Site "?"]
[Date "????.??.??"]
[Round "6"]
[White "VERZEAUX, Maryse"]
[Black "GAUBERT, Virginie"]
[Result "0-1"]
[WhiteElo "1010"]
[BlackElo "1499"]
[PlyCount "80"]
[EventDate "2007.03.18"]
[SourceDate "2007.03.18"]

1. e4 e6 2. Nf3 d5 3. d3 dxe4 4. dxe4 Qxd1+ 5. Kxd1 Bc5 6. Ke1 Nc6 7. Nc3 e5 8.
Bd2 Bg4 9. Be2 O-O-O 10. Bg5 f6 11. Bh4 Nge7 12. h3 Bxf3 13. Bxf3 Nd4 14. Rc1
Nec6 15. g3 Nxf3+ 16. Kf1 g5 17. Bxg5 Nxg5 18. h4 Nf3 19. Nd5 Rhf8 20. Rd1 Ne7
21. c4 Nxd5 22. exd5 f5 23. b3 f4 24. Rd3 fxg3 25. fxg3 e4 26. Rd1 Ne5+ 27. Ke1
Nd3+ 28. Kd2 Nf2 29. g4 Nxh1 30. Rxh1 Rf2+ 31. Kd1 Rdf8 32. g5 Rf1+ 33. Rxf1
Rxf1+ 34. Kc2 Rf2+ 35. Kd1 e3 36. h5 Rh2 37. h6 Rg2 38. a4 Rxg5 39. Ke1 Rg1+
40. Ke2 Rh1 0-1

[Event "N4 Blagny / Reims 2007"]
[Site "?"]
[Date "????.??.??"]
[Round "6"]
[White "PELTRIAUX, Guillaume"]
[Black "MENISSIER, Fabien"]
[Result "0-1"]
[WhiteElo "1790"]
[BlackElo "1530"]
[PlyCount "78"]
[EventDate "2007.03.18"]
[SourceDate "2007.03.18"]

1. e4 e6 2. d3 c5 3. g3 Nc6 4. Bg2 Nf6 5. Nf3 d5 6. e5 Nd7 7. Qe2 Be7 8. O-O
O-O 9. Re1 a6 10. h4 b5 11. h5 Re8 12. c3 f6 13. exf6 Nxf6 14. h6 g6 15. Bg5
Ng4 16. Bxe7 Qxe7 17. Qd2 Qf8 18. c4 d4 19. cxb5 axb5 20. Ne5 Ncxe5 21. Rxe5
Nxe5 22. Bxa8 Nf3+ 23. Bxf3 Qxf3 24. Qf4 Qd1+ 25. Kh2 Bb7 26. Nd2 Qxa1 27. Ne4
Bxe4 28. Qxe4 Qc1 29. f4 Qxb2+ 30. Kh3 Re7 31. Qa8+ Kf7 32. Qh8 Qc1 33. Qxh7+
Ke8 34. Qxg6+ Kd7 35. Kh4 Qh1+ 36. Kg5 Qd5+ 37. Kh4 Qf5 38. Qxf5 exf5 39. Kg5
c4 0-1

[Event "N4 Blagny / Reims 2007"]
[Site "?"]
[Date "????.??.??"]
[Round "6"]
[White "WATIN, Logan"]
[Black "FOURCART, Marc"]
[Result "1-0"]
[WhiteElo "1530"]
[BlackElo "1775"]
[PlyCount "103"]
[EventDate "2007.03.18"]
[SourceDate "2007.03.18"]

1. e4 d5 2. exd5 Qxd5 3. Nc3 Qa5 4. d4 e5 5. d5 Nf6 6. Bg5 Bb4 7. Bd2 O-O 8.
Bc4 Bf5 9. a3 Bxc3 10. Bxc3 Qb6 (10... Qc5) 11. Qd2 a5 (11... Ne4 {
comment j'ai pu oublié ce coup!!}) 12. f3 Qc5 13. Ba2 Nbd7 14. O-O-O Rfe8 15.
Ne2 e4 16. Bd4 e3 17. Qc3 Qxc3 (17... Qe7 {ce coup était plus fort!} 18. Rhe1
b5) 18. Nxc3 c6 (18... Re7 19. Rhe1 Rae8) 19. dxc6 bxc6 20. Rhe1 Re7 21. Rxe3
Rxe3 22. Bxe3 Re8 23. Bf2 Kf8 24. Rd6 Nb8 25. Bc5 Kg8 26. Bb3 h6 27. Ba4 Kh7
28. Bxc6 Nxc6 (28... Rc8 {et maintenant comment les Blancs sauvent cette piéce!
}) 29. Rxc6 Re1+ 30. Kd2 Rh1 31. b4 axb4 32. axb4 Rxh2 33. b5 Rxg2+ 34. Ne2
Bxc2 (34... Bd7 35. Rxf6 gxf6 36. b6 Bc6 37. Ke3 Bb7) 35. b6 Be4 {
et je réfléchis au moins 10 minutes pour jouer cela j'ai vu un élephant rose!!!
} (35... Ba4 36. Rxf6 gxf6 37. b7 Rg8 38. Bd6 Bc6 39. b8=Q Rxb8 40. Bxb8 Bxf3 {
avec au moins la nulle}) 36. fxe4 Nxe4+ 37. Ke3 Nxc5 38. Rxc5 Rg6 39. Rb5 Re6+
40. Kd3 Re8 41. b7 Rb8 42. Nd4 g5 43. Nc6 Rxb7 44. Rxb7 Kg6 45. Ne5+ Kh5 46.
Rxf7 Kh4 47. Nf3+ Kg4 48. Nxg5 Kxg5 49. Rg7+ Kf4 50. Ke2 h5 51. Kf2 h4 52. Kg2
1-0

[Event "N4 Blagny / Reims 2007"]
[Site "?"]
[Date "????.??.??"]
[Round "6"]
[White "DEFRANCE, Laurent"]
[Black "DROIT, Vincent"]
[Result "1-0"]
[WhiteElo "2165"]
[BlackElo "2069"]
[PlyCount "58"]
[EventDate "2007.03.18"]
[SourceDate "2007.03.18"]

1. d4 d5 2. c4 c6 3. e3 Nf6 4. Nf3 g6 5. Nbd2 Bg7 6. Bd3 O-O 7. O-O Bf5 8. Qc2
Bxd3 9. Qxd3 Nbd7 10. b3 c5 11. Bb2 Rc8 12. Rfd1 Qa5 13. cxd5 Nxd5 14. Nc4 Qc7
15. dxc5 Bxb2 16. Nxb2 N7f6 17. Rac1 Rfd8 18. Qc4 e6 19. b4 a5 20. a3 Ra8 21.
b5 Rac8 22. Nd3 Nd7 23. Qh4 Qb8 24. Ng5 Nf8 25. Ne4 Kg7 26. Nd6 Rxd6 27. cxd6
Rxc1 28. Rxc1 Qxd6 29. Qd4+ f6 1-0

[Event "N4 Blagny / Reims 2007"]
[Site "?"]
[Date "????.??.??"]
[Round "6"]
[White "CHEBRIDON, Jean Louis"]
[Black "HENRY, Thibaud"]
[Result "0-1"]
[WhiteElo "1700"]
[BlackElo "1499"]
[PlyCount "92"]
[EventDate "2007.03.18"]
[SourceDate "2007.03.18"]

1. b3 d5 2. Bb2 c5 3. e3 a6 4. Nf3 Nc6 5. d4 cxd4 6. Nxd4 Nxd4 7. Qxd4 Nf6 8.
c4 e6 9. a3 Be7 10. Nd2 dxc4 11. Qxd8+ Bxd8 12. Nxc4 O-O 13. Be2 Nd5 14. O-O
Bc7 15. Rac1 Bd7 16. Ne5 Bxe5 17. Bxe5 Rac8 18. e4 Ne7 19. Bd6 Rfe8 20. Rfd1
Rxc1 21. Rxc1 Rc8 22. Rxc8+ Nxc8 23. Bc7 Ne7 24. f4 Bc6 25. Bd3 f5 26. exf5
exf5 27. Bd6 Nc8 28. Bc4+ Kh8 29. Be5 Be4 {et là proposition de nul mais je
demande à J.Louis de continuer l'issue de la rencontre n'était pas certaine}
30. Be6 Ne7 31. Bd6 Nd5 32. Kf2 Nf6 33. h3 Bc2 34. Ke3 Be4 35. g4 Bg2 36. Be5
Bxh3 37. Bxf6 gxf6 38. Bxf5 h5 39. Kf2 Bxg4 40. Bxg4 hxg4 41. f5 Kg7 42. Kg3
Kf7 43. Kxg4 Ke7 44. Kh5 Kd6 45. Kh6 Ke5 46. Kg6 Ke4 0-1

[Event "N4 Rilly / TGV 2007"]
[Site "?"]
[Date "????.??.??"]
[Round "6"]
[White "MEUNIER, Samuel"]
[Black "BIESBROUCK, Philippe"]
[Result "0-1"]
[WhiteElo "1889"]
[BlackElo "1870"]
[PlyCount "77"]
[EventDate "2007.03.18"]
[SourceDate "2007.03.18"]

1. e4 e5 2. Nf3 Nf6 3. d4 d5 4. exd5 exd4 5. Bc4 Bc5 6. O-O O-O 7. Nxd4 Nxd5 8.
Nb3 Nb6 9. Bd3 (9. Bxf7+ Kxf7 10. Nxc5) 9... Be7 10. Nc3 c5 11. Nxc5 Bxc5 12.
Qh5 Bxf2+ 13. Rxf2 g6 14. Qh6 f5 15. Bg5 Qd4 16. Be3 (16. Re1 Nc6 17. Nb5)
16... Qg7 17. Qh4 Nc6 18. a4 Be6 19. a5 Nd5 20. Bc5 Rfd8 21. Nb5 b6 22. axb6
axb6 23. Re1 Bf7 24. Ba3 Qf6 25. Qxf6 Nxf6 26. Rfe2 Re8 27. Nd6 Rxe2 28. Rxe2
Rd8 29. c3 Bd5 30. h3 Nh5 31. Bb5 Na7 32. Rd2 Nxb5 33. Nxb5 Rd7 34. Nc7 Bc6 35.
Rxd7 Bxd7 36. Nd5 Kf7 37. Nxb6 Bc6 38. Bd6 Nf6 39. Kf2 {suivie de CE4+} 0-1

[Event "N4 Rilly / TGV 2007"]
[Site "?"]
[Date "????.??.??"]
[Round "6"]
[White "BARDOUX, Thierry"]
[Black "CARRE, Cedric"]
[Result "1/2-1/2"]
[WhiteElo "2156"]
[BlackElo "2093"]
[PlyCount "66"]
[EventDate "2007.03.18"]
[SourceDate "2007.03.18"]

1. d4 Nf6 2. Nf3 e6 3. e3 b6 4. Bd3 Bb7 5. Nbd2 c5 6. O-O Be7 7. b3 O-O 8. Bb2
d6 9. c4 Nbd7 10. Rc1 a6 11. a3 Re8 12. Qe2 Qc7 13. Rfe1 Rad8 14. Bb1 Qb8 15.
e4 cxd4 16. Nxd4 Bf8 17. Rcd1 Qa8 18. Nf1 Nc5 19. b4 Ncxe4 20. f3 Ng5 21. h4
Nh3+ 22. gxh3 e5 23. Nf5 Bxf3 24. Qe3 Bxd1 25. Rxd1 g6 26. N1g3 Qc8 27. Qg5 Qe6
28. h5 h6 29. Nxh6+ Bxh6 30. Qxh6 Qxh3 31. Qg5 Ng4 32. Nf1 Qxh5 33. Qxh5 gxh5
1/2-1/2

[Event "N4 Rilly / TGV 2007"]
[Site "?"]
[Date "????.??.??"]
[Round "6"]
[White "BOHR, Frederic"]
[Black "WILLE, Frederic"]
[Result "1/2-1/2"]
[WhiteElo "1280"]
[BlackElo "1710"]
[PlyCount "92"]
[EventDate "2007.03.18"]
[SourceDate "2007.03.18"]

1. e4 c6 2. Nf3 d5 3. Nc3 dxe4 4. Nxe4 Nd7 5. d4 Ngf6 6. Bd3 Nxe4 7. Bxe4 Nf6
8. Bd3 Bg4 9. c3 e6 10. O-O Qc7 11. Be2 Be7 12. Bg5 O-O 13. Re1 Rad8 14. Qd3
Bf5 15. Qe3 Nd5 16. Qd2 c5 17. Bxe7 Qxe7 18. Bc4 Qc7 19. Bb3 cxd4 20. Nxd4 Nf6
21. h3 a6 22. Qe3 Bg6 23. a4 Rd7 24. Nxe6 fxe6 25. Bxe6+ Kh8 26. Bxd7 Qxd7 27.
Rad1 (27. a5 {pour garder le pion!}) 27... Qxa4 28. Qe7 Re8 29. Rd8 (29. Qxb7)
29... Rxd8 30. Qxd8+ Be8 31. Qe7 (31. Re7 Qb5 32. Qb8 b6 33. Qc7 Qxb2 34. Rxg7
Qc1+) 31... h6 32. Qf8+ Kh7 33. Re7 Qd1+ 34. Kh2 Ng4+ (34... Nh5 35. Rxe8) 35.
Kg3 (35. hxg4 Qxg4 36. Qxe8) 35... Qd6+ 36. f4 Qd3+ 37. Kxg4 Bd7+ 38. f5 {
les noirs sont mort!!} h5+ 39. Kf4 (39. Kh4 Qc4+ 40. Kxh5 {
et maintenant que font ils???}) 39... Qd6+ 40. Ke4 Bc6+ 41. Ke3 Qg3+ 42. Kd4
Qd6+ 43. Ke3 Qg3+ 44. Kd4 Qd6+ 45. Kc4 Bd5+ 46. Kd4 Bxg2+ 1/2-1/2

[Event "N4 Rilly / TGV 2007"]
[Site "?"]
[Date "????.??.??"]
[Round "6"]
[White "BRODIER, Thierry"]
[Black "MEYER, Caroline"]
[Result "1-0"]
[WhiteElo "1760"]
[BlackElo "1499"]
[PlyCount "41"]
[EventDate "2007.03.18"]
[SourceDate "2007.03.18"]

1. d4 d5 2. Nf3 Nc6 3. Bg5 Nf6 4. e3 e6 5. c3 Be7 6. Nbd2 O-O 7. Bd3 Qd7 8. Ne5
Qe8 9. f4 Bd6 10. Bxf6 gxf6 11. Ng4 e5 12. Nxf6+ Kg7 13. Nxe8+ Rxe8 14. fxe5
Bxe5 15. O-O Bf6 16. Qh5 Rh8 17. Rf3 Be6 18. Raf1 Rae8 19. Rxf6 Re7 20. Rxe6
fxe6 21. Qg5# 1-0

[Event "N4 Rilly / TGV 2007"]
[Site "?"]
[Date "????.??.??"]
[Round "6"]
[White "FRANCOIS, Jean Claude"]
[Black "FERRERO, Marjorie"]
[Result "1/2-1/2"]
[WhiteElo "1070"]
[BlackElo "1220"]
[PlyCount "99"]
[EventDate "2007.03.18"]
[SourceDate "2007.03.18"]

1. e4 e5 2. Nf3 Nc6 3. Nc3 Nf6 4. d4 d6 5. dxe5 dxe5 6. Qxd8+ Kxd8 7. Bg5 Be7
8. O-O-O+ Ke8 9. Rd3 h6 10. Bxf6 Bxf6 11. Be2 a6 12. Rhd1 Be6 13. Kb1 Rd8 14.
Rxd8+ Bxd8 15. Ne1 f6 16. f3 g6 17. g3 Kf7 18. Ng2 Be7 19. Ne3 Rd8 20. Ncd5 Rd7
21. Rd3 Nb4 22. Nxb4 Bxb4 23. Rxd7+ Bxd7 24. Bc4+ Be6 25. Bxe6+ Kxe6 26. a3 Be1
27. Nd5 c6 28. Ne3 h5 29. Ng2 Bf2 30. b3 Bg1 31. h3 Bf2 32. g4 h4 33. c4 g5 34.
a4 Bc5 35. Kc2 a5 36. Ne1 Bb4 37. Nd3 Bd6 38. c5 Bc7 39. b4 b6 40. cxb6 Bxb6
41. bxa5 Bxa5 42. Nb2 c5 43. Nc4 Bc7 44. a5 Kd7 45. Kb3 Kc6 46. Ka4 Kb7 47. Kb5
Ka7 48. Kxc5 Bxa5 49. Nd6 Bd8 50. Ne8 {Suite illisible} 1/2-1/2

[Event "N4 Rilly / TGV 2007"]
[Site "?"]
[Date "????.??.??"]
[Round "6"]
[White "HENTZIEN, Maxime"]
[Black "LABROCHE, Jérome"]
[Result "1-0"]
[WhiteElo "1947"]
[BlackElo "1990"]
[PlyCount "89"]
[EventDate "2007.03.18"]
[SourceDate "2007.03.18"]

1. e4 e5 2. Nf3 Nf6 3. Nc3 Nc6 4. Bb5 d6 5. h3 Be7 6. O-O O-O 7. Bxc6 bxc6 8.
d4 Nd7 9. dxe5 dxe5 10. Qe2 Bf6 11. Be3 Qe7 12. Qc4 Rb8 13. b3 Qb4 14. Qxb4
Rxb4 15. Rfd1 a6 16. Rd3 Re8 17. Rad1 Nf8 18. Bc5 Rb8 19. Bxf8 Kxf8 20. Na4 Re6
21. Nc5 Rd6 22. Rxd6 cxd6 23. Rxd6 Be7 (23... Rb6) 24. Rxc6 f6 (24... Bxc5 25.
Rxc5 f6) 25. Nd3 Bb7 26. Rc4 Kf7 27. Nd2 Rd8 28. Rc7 Bc8 29. Nc4 Bd7 30. Na5
Ke6 31. Nc5+ Kd6 32. Rxd7+ Rxd7 33. Nxd7 Kxd7 34. Kf1 Kc7 35. Ke2 Kb6 36. Nc4+
Kc5 37. Kd3 Kb5 38. c3 Bc5 39. Ne3 a5 40. f3 Bf8 41. Nd5 Bd6 42. a4+ Ka6 43. b4
Kb7 44. Kc4 axb4 45. cxb4 1-0

[Event "N4 Rilly / TGV 2007"]
[Site "?"]
[Date "????.??.??"]
[Round "6"]
[White "BELLOY, Julien"]
[Black "GASIOR, Jerome"]
[Result "0-1"]
[WhiteElo "2015"]
[BlackElo "2108"]
[PlyCount "76"]
[EventDate "2007.03.18"]
[SourceDate "2007.03.18"]

1. c4 c5 2. Nc3 Nf6 3. g3 d5 4. cxd5 Nxd5 5. Bg2 Nc7 6. Nf3 Nc6 7. O-O e5 8. d3
Be7 9. Be3 Rb8 10. Qc1 Bd7 11. Qd2 O-O 12. b3 b6 13. Ne1 Nd4 14. f4 Bc6 15.
fxe5 Bxg2 16. Nxg2 Nc6 17. Bf4 Ne6 18. Ne4 g5 19. Be3 Nxe5 20. Rf5 f6 21. h3
Ng7 22. Rf2 Qd7 23. Kh2 h6 24. Qc3 Qe6 25. Raf1 f5 26. Nd2 Bf6 27. Qc1 Rbe8 28.
Nc4 Ng6 29. Bd2 Bd8 30. Nce3 Kh7 31. Qc4 Qc8 32. Bc3 Bc7 33. Bxg7 Bxg3+ 34. Kh1
(34. Kxg3 Qc7+ 35. Rf4 gxf4+ 36. Rxf4 Qxg7) 34... f4 35. Ng4 Kxg7 36. Qc3+ Kh7
37. Rf3 (37. Ne1) 37... h5 38. Nf2 g4 0-1

[Event "N4 Rilly / TGV 2007"]
[Site "?"]
[Date "????.??.??"]
[Round "6"]
[White "RAULET, Alain"]
[Black "BELLOY, Nicolas"]
[Result "1-0"]
[WhiteElo "2060"]
[BlackElo "2020"]
[PlyCount "83"]
[EventDate "2007.03.18"]
[SourceDate "2007.03.18"]

1. c4 c6 2. g3 d5 3. Bg2 Nf6 4. Qc2 dxc4 5. Na3 e5 6. Nxc4 Bd6 7. Nf3 Qe7 8. b3
O-O 9. Nxd6 Qxd6 10. a4 Re8 11. Ba3 Qc7 12. O-O Bg4 13. Bb2 Nbd7 14. d4 e4 15.
Ne5 Bf5 16. Nc4 Nd5 17. Ba3 Re6 18. Rac1 a5 19. e3 N7f6 20. Ne5 Nd7 21. Nc4
N7f6 22. Qd2 Qd8 23. Qc2 Qc7 24. Nd2 Nb4 25. Bxb4 axb4 26. Qc5 Nd5 27. Qxd5 Ra5
28. Qc4 Qd6 29. Qc2 Qd5 30. Nc4 Ra6 31. Ne5 f6 32. Nc4 b5 33. axb5 cxb5 34. Nd2
Rec6 35. Qb2 Ra3 36. Rxc6 Qxc6 37. Rc1 Qa8 38. Nf1 Ra2 39. Qb1 Be6 40. Bxe4 Qa3
41. d5 Rb2 42. dxe6 1-0

[Event "N4  Chalons /Blagny"]
[Site "?"]
[Date "????.??.??"]
[Round "1"]
[White "CAUVIN, Mickael"]
[Black "DEFRANCE, Laurent"]
[Result "1-0"]
[WhiteElo "2127"]
[BlackElo "2186"]
[PlyCount "85"]
[EventDate "2006.10.15"]
[SourceDate "2007.03.18"]

1. e4 e6 2. d3 d5 3. Nd2 c5 4. g3 Nc6 5. Bg2 Nf6 6. Ngf3 Be7 7. O-O O-O 8. Re1
Qc7 9. e5 Nd7 10. Qe2 b6 11. h4 Ba6 12. c3 Rac8 13. Nf1 Rfd8 14. h5 d4 15. c4
b5 16. b3 bxc4 17. bxc4 Nb6 18. h6 g6 19. Ng5 Nd7 20. Nf3 Nb6 21. N1h2 Na5 22.
Ng5 Bb7 23. Bxb7 Qxb7 24. Qd2 Nc6 25. Ng4 Nd7 26. Qf4 Rf8 27. Ne4 Qc7 28. Nef6+
Nxf6 29. Nxf6+ Kh8 30. Ba3 Qa5 31. Bb2 Qd8 32. Ne4 Nb4 33. Red1 f5 34. exf6
Bxf6 35. a3 Na6 36. Rdb1 e5 37. Qg4 Qe7 38. Bc1 Rb8 39. Bd2 Nc7 40. a4 Qe6 41.
Qxe6 Rxb1+ 42. Rxb1 Nxe6 43. Rb7 1-0

[Event "N4  Chalons /Blagny"]
[Site "?"]
[Date "????.??.??"]
[Round "1"]
[White "LECOCQ, Pierre"]
[Black "FOURCART, Marc"]
[Result "0-1"]
[WhiteElo "1730"]
[BlackElo "1755"]
[PlyCount "58"]
[EventDate "2006.10.15"]
[SourceDate "2007.03.18"]

1. e4 c5 2. Nf3 d6 3. d4 cxd4 4. Nxd4 Nf6 5. Nc3 g6 6. Be3 Bg7 7. f3 O-O 8. Bc4
Nc6 9. Qd2 Nxd4 10. Bxd4 Be6 11. Bb3 Qa5 12. O-O a6 13. Qf2 Rac8 14. Bb6 Qe5
15. f4 (15. Bd4 Qh5 16. g4 Nxg4 17. fxg4 Qxg4+ {Diagramme #} 18. Qg2 Qxg2+ 19.
Kxg2 Bxd4) 15... Qh5 16. Bxe6 fxe6 17. h3 Rc4 18. Rfe1 Nd7 19. Be3 Bxc3 20.
bxc3 Rxe4 21. Bd2 Nc5 22. Rad1 e5 23. Qg3 exf4 24. Qf3 Qe5 (24... Qxf3 25. gxf3
Rxe1+ 26. Rxe1 e5) 25. Rf1 Rf5 26. Rde1 d5 27. c4 Qd4+ 28. Qf2 Qxc4 29. Qh4
Qd4+ (29... f3) 0-1

[Event "N4  Chalons /Blagny"]
[Site "?"]
[Date "????.??.??"]
[Round "1"]
[White "FOURCART, Maxence"]
[Black "VEILLERETTE, Patrick"]
[Result "1-0"]
[WhiteElo "2014"]
[BlackElo "1950"]
[PlyCount "69"]
[EventDate "2006.10.15"]
[SourceDate "2007.03.18"]

1. d4 d5 2. Bg5 h6 3. Bh4 c6 4. e3 Qb6 5. Qc1 Bf5 6. c4 dxc4 7. Bxc4 e6 8. Nc3
Be7 9. Bxe7 Nxe7 10. Nf3 Nd7 11. O-O Nf6 12. Re1 O-O 13. h3 Ne4 14. Nd2 Nxd2
15. Qxd2 Rfd8 16. Rad1 Rd7 17. Na4 Qc7 18. Nc5 Rdd8 19. e4 Bg6 20. Qc3 b6 21.
Nd3 a5 22. Ne5 Bh7 23. a4 Ng6 24. Nf3 Ne7 25. Rc1 c5 26. Bb5 Qb7 27. dxc5 bxc5
28. Qe3 Rac8 29. Rc4 Rd6 30. Rxc5 Rxc5 31. Qxc5 Rd8 32. Qe3 Nc8 33. Ne5 Nd6 34.
Nc6 Rc8 35. Qc5 1-0

[Event "N4  Chalons /Blagny"]
[Site "?"]
[Date "????.??.??"]
[Round "1"]
[White "CREPAUX, J.Marie"]
[Black "ROMAIN, Emeline"]
[Result "1-0"]
[WhiteElo "1950"]
[BlackElo "1970"]
[PlyCount "69"]
[EventDate "2006.10.15"]
[SourceDate "2007.03.18"]

1. e4 d5 2. exd5 Qxd5 3. Nc3 Qa5 4. Bc4 Nf6 5. d3 c6 6. Bd2 Qc7 7. Nf3 Bg4 8.
Qe2 e6 9. h3 Bh5 (9... Bxf3 10. Qxf3) 10. O-O-O Bd6 11. Ne4 Nxe4 12. Qxe4 Nd7
13. Rde1 O-O-O 14. Qd4 Bc5 15. Qxg7 Bxf2 16. Re2 Rdg8 17. Qh6 Bxf3 18. Rxf2
Bxg2 19. Re1 Rg6 20. Qh4 Nb6 21. Bc3 Rd8 (21... Qd8 22. Bf6 (22. Qxd8+ Rxd8)
22... Rxf6 23. Qxf6 Qxf6 24. Rxf6 Nxc4 25. dxc4 Bxh3 26. Rxf7) 22. Qxh7 Rd7 (
22... Nxc4) (22... Qg3 {pour pecher en eaux trouble!!}) 23. Rxf7 Rxf7 24. Qxg6
Qf4+ 25. Bd2 Qf2 26. Qxe6+ Rd7 27. Qe3 (27. Qe8+ Rd8 28. Be6+ Kc7 29. Qe7+)
27... Qxe3 28. Rxe3 Nxc4 29. dxc4 Rh7 30. Re8+ Kc7 (30... Kd7 31. Ra8 Rxh3 32.
b3 a6) 31. Be3 b6 32. Bf4+ Kb7 33. b4 Bxh3 (33... Bf1) 34. b5 Bd7 (34... cxb5
35. cxb5 a6) 35. Rb8# 1-0

[Event "N4  Chalons /Blagny"]
[Site "?"]
[Date "????.??.??"]
[Round "1"]
[White "POISSEROUX, Benoit"]
[Black "MONTHOUX, P.Yves"]
[Result "1-0"]
[WhiteElo "1868"]
[BlackElo "1948"]
[PlyCount "60"]
[EventDate "2006.10.15"]
[SourceDate "2007.03.18"]

1. d4 Nf6 2. Bg5 g6 3. Nd2 Bg7 4. e3 c6 5. c3 d5 6. Bd3 Nbd7 7. f4 c5 8. h3 c4
9. Bc2 Qb6 10. b4 a5 11. a3 axb4 12. axb4 Rxa1 13. Qxa1 Qe6 14. Kf2 h6 15. Bxf6
Nxf6 16. Ba4+ Kd8 17. Bb5 Qb6 18. Ba4 g5 19. Ne2 Bf5 20. Re1 Ne4+ 21. Nxe4 Bxe4
22. Ng3 Bd3 23. Qc1 Qg6 24. Bd1 Kc7 25. Bf3 gxf4 26. exf4 Ra8 27. Rxe7+ Kc6 28.
Qb2 Bf6 29. b5+ Kd6 30. Bh5 Qg8 1-0

[Event "N4  Chalons /Blagny"]
[Site "?"]
[Date "????.??.??"]
[Round "1"]
[White "BILLON, Olivier"]
[Black "HANOT, Wilfried"]
[Result "0-1"]
[WhiteElo "1934"]
[BlackElo "1930"]
[PlyCount "44"]
[EventDate "2006.10.15"]
[SourceDate "2007.03.18"]

1. e4 c6 2. d4 d5 3. exd5 cxd5 4. c4 Nf6 5. Nc3 e6 6. Nf3 Nc6 7. Bg5 Qb6 8.
Bxf6 Qxb2 9. Qc1 Ba3 10. Bg5 Qb4 11. Qc2 Bb2 12. Rc1 Bxc1 13. Bxc1 dxc4 14. Bd2
b5 15. Ne4 Qa3 16. Bf4 Qa5+ 17. Kd1 f6 18. Nd6+ Ke7 19. d5 exd5 20. Nxc8+ Raxc8
21. Bxc4 bxc4 22. Re1+ Kd8 0-1

[Event "N4  Chalons /Blagny"]
[Site "?"]
[Date "????.??.??"]
[Round "1"]
[White "CHEBRIDON, Jean Louis"]
[Black "VEILLERETTE, Chantal"]
[Result "1-0"]
[WhiteElo "1670"]
[BlackElo "1600"]
[PlyCount "71"]
[EventDate "2006.10.15"]
[SourceDate "2007.03.18"]

1. e4 e6 2. d4 d5 3. e5 c5 4. c3 Nc6 5. Nf3 Qb6 6. a3 cxd4 7. cxd4 f6 8. b4
fxe5 9. dxe5 Nge7 10. Bb2 Ng6 11. Bd3 Nf4 12. O-O Nxd3 13. Qxd3 Be7 14. Nbd2
O-O 15. Rac1 Bd7 16. Nb3 Rac8 17. Nc5 Bxc5 18. Rxc5 Ne7 19. Bd4 Qd8 20. Rxc8
Nxc8 21. Bc5 Rf5 22. Rc1 b6 23. Be3 h6 24. Qe2 Ne7 25. g4 Rf7 26. g5 Ng6 27.
Kh1 Qb8 28. gxh6 Nxe5 29. Ng5 Rf5 30. Rg1 d4 31. Bxd4 Bc6+ 32. Ne4 Nf3 33.
Rxg7+ Kf8 34. Rg2 Nxd4 35. Qg4 Rf7 36. Qg8+ 1-0

[Event "N4  Chalons /Blagny"]
[Site "?"]
[Date "????.??.??"]
[Round "1"]
[White "PELTRIAUX, Guillaume"]
[Black "HARNIK, Cecilien"]
[Result "1-0"]
[WhiteElo "1780"]
[BlackElo "1770"]
[PlyCount "87"]
[EventDate "2006.10.15"]
[SourceDate "2007.03.18"]

1. e4 e6 2. d3 d5 3. Nd2 c5 4. Ngf3 Nc6 5. g3 Nf6 6. Bg2 Be7 7. O-O O-O 8. Re1
Qc7 9. h4 b6 10. Qe2 Bb7 11. Ng5 Nd4 12. Qd1 Nd7 13. Ndf3 Nc6 14. Qe2 h6 15.
Nh3 f6 16. Nf4 Kf7 17. exd5 exd5 18. Ne6 (18. Ng5+ fxg5 (18... hxg5 19. Qh5+
Kg8 20. Bxd5+ Rf7 21. Bxf7+ Kf8 22. Ne6#) 19. Bxd5+ Ke8 20. Qh5+ Kd8 21. Ne6+)
18... Qd6 19. Nxf8 Rxf8 20. Bf4 Nde5 21. Nxe5+ Nxe5 22. Qh5+ g6 23. Qxh6 Rg8
24. Bxe5 fxe5 25. c4 Bf6 26. Qd2 Bc6 27. Bxd5+ Bxd5 28. cxd5 Qxd5 29. Qc2 Kf8
30. Qc4 Qd7 31. Qe4 g5 32. Qf3 Ke7 33. hxg5 Rxg5 34. Kg2 Rf5 35. Qe2 Qd4 36.
Rh1 Kd6 37. Rac1 b5 38. Rc2 Ke6 39. Qe4 Qd6 40. Rd1 Be7 41. d4 c4 42. d5+ Kf6
43. Rh1 Kg6 44. g4 1-0

[Event "N4  BME/ENHM"]
[Site "?"]
[Date "2006.10.15"]
[Round "1"]
[White "DHAUSSY, Adrien"]
[Black "HERMANN, jean philippe"]
[Result "1/2-1/2"]
[WhiteElo "1980"]
[BlackElo "2239"]
[PlyCount "80"]
[EventDate "2006.10.15"]
[SourceDate "2007.03.18"]

1. e4 c5 2. Nf3 d6 3. d4 cxd4 4. Qxd4 Nc6 5. Bb5 Bd7 6. Bxc6 Bxc6 7. c4 e6 8.
O-O Nf6 9. Nc3 Be7 10. Bg5 O-O 11. Rfd1 Qa5 12. Rac1 Rfd8 13. Qe3 h6 14. Bh4
Qh5 15. Bxf6 Bxf6 16. b4 g5 17. b5 Be8 18. h3 b6 19. Nh2 Rac8 20. Ng4 Bg7 21.
a4 Rxc4 22. Qe2 Rxc3 23. Nf6+ Bxf6 24. Qxh5 Kg7 25. Rxc3 Bxc3 26. Qf3 Bb4 27.
e5 Rd7 28. exd6 Bxd6 29. Qc3+ f6 30. Qc6 Rd8 31. Qb7+ Kf8 32. Qf3 (32. Qxa7
Bh2+ 33. Kxh2 Rxd1 34. Qxb6 $18) 32... Ke7 33. Kf1 Bg6 34. h4 Bc2 35. Rd4 e5
36. Rc4 Bg6 37. hxg5 hxg5 38. Rc3 e4 39. Qh3 Bc5 40. Qh6 Kf7 1/2-1/2

[Event "N4  BME/ENHM"]
[Site "?"]
[Date "2006.10.15"]
[Round "1"]
[White "VIARD, Dominique"]
[Black "MUNIER, Germain"]
[Result "1-0"]
[WhiteElo "2070"]
[BlackElo "1695"]
[PlyCount "49"]
[EventDate "2006.10.15"]
[SourceDate "2007.03.18"]

1. Nf3 d5 2. g3 c5 3. c4 e6 4. Bg2 Nf6 5. O-O Be7 6. b3 Nc6 7. Bb2 d4 8. e3 e5
9. exd4 cxd4 10. Re1 Bg4 11. d3 Bb4 12. Nbd2 Qa5 13. a3 Bxd2 14. Qxd2 Qxd2 15.
Nxd2 Nd7 16. Bxc6 bxc6 17. Bxd4 f6 18. f4 O-O 19. fxe5 fxe5 20. Bxe5 Nxe5 21.
Rxe5 Rad8 22. Re3 Rd4 23. Ne4 Rf3 24. Rxf3 Bxf3 25. Nc5 1-0